Biggest Trading Partners - Vietnam 🇻🇳 - Statistics

General Stats
  • This quiz has been taken 120 times
  • The average score is 18 of 22
Answer Stats
Imports Exports Country % Correct
109.85 67.91 China
100%
15.18 96.33 United States
100%
12.55 6.07 Thailand
96%
5.77 United Kingdom
96%
7.95 4.45 Australia
94%
3.94 7.29 Germany
92%
6.95 6.26 India
92%
22.60 20.12 Japan
92%
8.13 4.38 Malaysia
92%
4.71 4.83 Cambodia
90%
56.11 21.93 South Korea
90%
7.61 Indonesia
89%
4.28 Singapore
87%
5.27 Canada
86%
4.09 Brazil
84%
4.56 Mexico
84%
4.58 Philippines
82%
3.65 Argentina
66%
7.68 Netherlands
64%
4.69 United Arab Emirates
58%
4.43 Ireland
37%
4.72 Kuwait
32%
No matching quizzes found
Score Distribution
Percent of People with Each Score
Percentile by Number Answered
Your Score History
You have not taken this quiz